<?xml version="1.0" encoding="UTF-8"?><?xml-stylesheet type="text/xsl" href="static/style.xsl"?><OAI-PMH xmlns="http://www.openarchives.org/OAI/2.0/" xmlns:xsi="http://www.w3.org/2001/XMLSchema-instance" xsi:schemaLocation="http://www.openarchives.org/OAI/2.0/ http://www.openarchives.org/OAI/2.0/OAI-PMH.xsd"><responseDate>2026-04-17T06:44:29Z</responseDate><request verb="GetRecord" identifier="oai:www.recercat.cat:10230/24634" metadataPrefix="marc">https://recercat.cat/oai/request</request><GetRecord><record><header><identifier>oai:recercat.cat:10230/24634</identifier><datestamp>2025-12-20T16:59:44Z</datestamp><setSpec>com_2072_6</setSpec><setSpec>col_2072_452952</setSpec></header><metadata><record xmlns="http://www.loc.gov/MARC21/slim" xmlns:dcterms="http://purl.org/dc/terms/" xmlns:xsi="http://www.w3.org/2001/XMLSchema-instance" xmlns:doc="http://www.lyncode.com/xoai" xsi:schemaLocation="http://www.loc.gov/MARC21/slim http://www.loc.gov/standards/marcxml/schema/MARC21slim.xsd">
   <leader>00925njm 22002777a 4500</leader>
   <datafield ind2=" " ind1=" " tag="042">
      <subfield code="a">dc</subfield>
   </datafield>
   <datafield ind2=" " ind1=" " tag="720">
      <subfield code="a">Cabré, M. Teresa (Maria Teresa), 1947-</subfield>
      <subfield code="e">author</subfield>
   </datafield>
   <datafield ind2=" " ind1=" " tag="720">
      <subfield code="a">Bach, Carme, 1971-</subfield>
      <subfield code="e">author</subfield>
   </datafield>
   <datafield ind2=" " ind1=" " tag="720">
      <subfield code="a">Castellà, Josep M.</subfield>
      <subfield code="e">author</subfield>
   </datafield>
   <datafield ind2=" " ind1=" " tag="720">
      <subfield code="a">Martí, Jaume, 1943-</subfield>
      <subfield code="e">author</subfield>
   </datafield>
   <datafield ind2=" " ind1=" " tag="260">
      <subfield code="c">2015-07-22T12:12:32Z</subfield>
   </datafield>
   <datafield ind2=" " ind1=" " tag="260">
      <subfield code="c">2015-07-22T12:12:32Z</subfield>
   </datafield>
   <datafield ind2=" " ind1=" " tag="260">
      <subfield code="c">2007</subfield>
   </datafield>
   <datafield ind2=" " ind1=" " tag="520">
      <subfield code="a">Las teorías terminológicas tienden a evolucionar desde posiciones lexicalistas, basadas en la/ndescripción de las características de las piezas léxicas (términos) y su inserción en los códigos o/nlenguajes de especialidad, hasta posiciones discursivistas, que consideran que puede explicarse/nsatisfactoriamente la terminología dentro del marco comunicativo especializado. La presente/ncomunicación, que se enmarca en la Teoría Comunicativa de la Terminología, presenta algunos avances/nen el conocimiento de los aspectos lingüísticos del discurso especializado con relación al discurso/ncomún o general./nAunque los mencionados aspectos lingüísticos han sido ampliamente estudiados con/nanterioridad (Kocourek, Hoffmann, Lerat, entre otros), en esta comunicación se aporta un tratamiento/ndesde la lingüística de corpus. Los resultados obtenidos confirman o refutan los estudios anteriores, al/ntiempo que permiten aflorar nuevas características relevantes./nCreemos que nuestro estudio y sus resultados se encuentran en el camino que nos conducirá, por una/nparte, a una explicación profunda y más completa del discurso especializado mediante la hipotetización/nde las causas de las características lingüísticas halladas, y, por otra parte, a la elaboración de/nherramientas de identificación semiautomática de los discursos especializados.</subfield>
   </datafield>
   <datafield ind2=" " ind1=" " tag="520">
      <subfield code="a">Terminology theories tend to evolve from lexicalist positions, based on the description of the/nfeatures of lexical items (terms), and their insertion in specialized languages or codes, to discourse/npositions, that claim it is possible to satisfactorily account for terminology in a specialized/ncommunicative frame. This paper, following the Communicative Theory of Terminology, presents some/nadvances in the knowledge of the linguistics aspects of specialized discourse in relation to general or/ncommon discourse./nAlthough aforementioned linguistic aspects have been broadly studied (Kocourek, Hoffmann,/nLerat, among others), this paper brings an approach from corpus linguistics. Results confirm or refute/nformer studies, and allow new relevant features to appear./nIn our opinion, this study and its results seem to be the way that will take us, on one hand, to a/ndeeper and more rounded account of specialized discourse by investigating the causes of the linguistic/nfeatures obtained, and on the other hand, to the production of tools for semiautomatic identification of/nspecialized discourses.</subfield>
   </datafield>
   <datafield tag="653" ind2=" " ind1=" ">
      <subfield code="a">Terminología</subfield>
   </datafield>
   <datafield tag="653" ind2=" " ind1=" ">
      <subfield code="a">Discurso especializado</subfield>
   </datafield>
   <datafield tag="653" ind2=" " ind1=" ">
      <subfield code="a">Características lingüísticas</subfield>
   </datafield>
   <datafield tag="653" ind2=" " ind1=" ">
      <subfield code="a">Lingüística de corpus</subfield>
   </datafield>
   <datafield tag="653" ind2=" " ind1=" ">
      <subfield code="a">Terminology</subfield>
   </datafield>
   <datafield tag="653" ind2=" " ind1=" ">
      <subfield code="a">Specialized discourse</subfield>
   </datafield>
   <datafield tag="653" ind2=" " ind1=" ">
      <subfield code="a">Linguistic features</subfield>
   </datafield>
   <datafield tag="653" ind2=" " ind1=" ">
      <subfield code="a">Corpus linguistics</subfield>
   </datafield>
   <datafield ind2="0" ind1="0" tag="245">
      <subfield code="a">La caracterización lingüística del discurso especializado</subfield>
   </datafield>
</record></metadata></record></GetRecord></OAI-PMH>